Historia de la tres veces muy leal, dos veces muy noble, y fidelísima ciudad real de Requena (Record no. 155380)

MARC details
000 -LEADER
campo de control de longitud fija 00730nam a22001695i 4500
001 - NÚMERO DE CONTROL
campo de control 155380
003 - IDENTIFICADOR DE NÚMERO DE CONTROL
campo de control ES-MaACL
005 - FECHA Y HORA DE LA ÚLTIMA TRANSACCIÓN
campo de control 20230906210044.0
008 - DATOS DE LONGITUD FIJA--INFORMACIÓN GENERAL
campo de control de longitud fija 010314s1890 sp |||| | spa d
040 ## - FUENTE DE CATALOGACIÓN
Centro catalogador/agencia de origen CCPB | B
Lengua de catalogación spa
Centro/agencia transcriptor CCPB | B
100 1# - ENTRADA PRINCIPAL--NOMBRE DE PERSONA
Nombre de persona Herrero y Moral, Enrique.
9 (RLIN) 127931
245 10 - MENCIÓN DEL TÍTULO
Título Historia de la tres veces muy leal, dos veces muy noble, y fidelísima ciudad real de Requena
Resto del título : que comprende desde la más remota antiguedad hasta nuestros dias /
Mención de responsabilidad, etc. obra original, escrita en 1889 y 1890 Enrique Herrero y Moral.
260 ## - PUBLICACIÓN, DISTRIBUCIÓN, ETC.
Lugar de publicación, distribución, etc. Valencia :
Nombre del editor, distribuidor, etc. [s.n.],
Fecha de publicación, distribución, etc. 1890 (
Fabricante imprenta de Manuel Alufre)
300 ## - DESCRIPCIÓN FÍSICA
Extensión XII, 342 p. ;
Dimensiones 22 cm.
651 #4 - PUNTO DE ACCESO ADICIONAL DE MATERIA--NOMBRE GEOGRÁFICO
Nombre geográfico Requena (Valencia)-
Subdivisión general Historia.
9 (RLIN) 137333
852 ## - LOCALIZACIÓN
Ubicación ES-MaACL
Número de control de estantería B-4447
Nota libre -- Rust.
Holdings
Estatus retirado Estado de pérdida Estado de daño No para préstamo Colección Biblioteca de origen Biblioteca actual Ubicación en estantería Fecha de adquisición Fuente de adquisición Total de préstamos Signatura topográfica completa Código de barras Visto por última vez Precio de reemplazo Tipo de ítem Koha
        Libros del s. XIX Biblioteca del Ateneo de Madrid Biblioteca del Ateneo de Madrid Sala Pardo Bazán 17/01/2008     B-4447 1162533 23/02/2023 23/02/2023 Libro impreso antiguo